الفراسة : (رقم التسجيلة. 88181)
[ عرض عادي ]
| 000 -الفاتح | |
|---|---|
| عناصر البيانات ثابتة الطول | 00873cam a2200169 i 4500 |
| 005 - تاريخ ووقت آخر معاملة | |
| حقل ضبط | 20251108172756.0 |
| 008 - عناصر البيانات ثابتة الطول | |
| عناصر البيانات ثابتة الطول | 250721r1987 ua gr 000 0 ara d |
| 082 14 - رقم تصنيف ديوي العشري | |
| رقم التصنيف | 138 |
| رقم المادة | ر ا ز |
| 100 1# - مدخل رئيسي – اسم شخصي | |
| الاسم الشخصي | الرازي، فخر الدين أبو عبد الله |
| تواريخ خاصة بالشخص | 544 - 606 ه |
| علاقة الشخص بالعمل/ دوره | مؤلف. |
| 245 12 - بيان العنوان | |
| العنوان | الفراسة : |
| بقية العنوان | دليلك إلى معرفة أخلاق الناس وطبائعهم وكأنهم كتاب مفتوح / |
| بيان المسؤولية | شيخ الاسلام محمد الرازي فخر الدين بن العلامة ضياء الدين المشتهر بخطيب الدمى ؛ تحقيق وتعليق مصطفى عاشور. |
| 264 1# - بيانات النشر، التوزيع…إلخ | |
| مكان النشر، التوزيع...إلخ | القاهرة : |
| اسم الناشر، الموزع...إلخ | مكتبة القرآن للطبع والنشروالتوزيع، |
| تاريخ النشر، التوزيع...إلخ | [1987]. |
| 300 ## - الوصف المادي | |
| عدد الوحدات المكونة للوعاء | 108 صفحة. |
| 650 17 - مدخل إضافي بالموضوع - مصطلح موضوعي | |
| مصطلح موضوعي أو اسم جغرافي كعنصر مدخل | الفراسة. |
| 700 1# - مدخل إضافي - اسم شخصي | |
| الاسم الشخصي | عاشور، مصطفى |
| علاقة الشخص بالعمل/ دوره | محقق. |
| 942 ## - بيانات إضافية (كوها) | |
| نوع التنصيف | Dewey Decimal Classification |
| نوع المادة (كوها) | كتب |
| حالة السحب | حالة الفقدان | مصدر التصنيف | حالة التلف | غير قابل للإعارة | المكتبة الرئيسية | المكتبة الحالية | موقع الرف | تاريخ التزويد | الرقم المتسلسل | Total Checkouts | رقم الإستدعاء | الباركود | تاريخ آخر ظهور | تاريخ آخر استعارة | تاريخ الفاتورة | نوع المادة (كوها) |
|---|---|---|---|---|---|---|---|---|---|---|---|---|---|---|---|---|
| Dewey Decimal Classification | المكتبة المركزية | المكتبة المركزية | الإعارة | 28/07/2025 | 636126 | 1 | 138 / ر ا ز | 636126 | 22/02/2026 | 11/01/2026 | 28/07/2025 | كتب | ||||
| Dewey Decimal Classification | المكتبة المركزية | المكتبة المركزية | الإعارة | 28/07/2025 | 636128 | 138 / ر ا ز | 636128 | 28/07/2025 | 28/07/2025 | كتب | ||||||
| Dewey Decimal Classification | المكتبة المركزية | المكتبة المركزية | الإعارة | 03/02/2014 | 31722 | 138/راز | PLD00292567 | 28/07/2025 | 03/02/2014 | كتب |